000 00881pam a2200265 a 4500
001 4241930
003 GBCCL
005 20241126110412.0
008 830805s1983 txu b 000 0 eng
010 _a 83017073
020 _a0849903580 :
_c$9.95
040 _aDLC
_cDLC
_dDLC
050 0 0 _aBS2825.2
_b.G73 1983
082 0 0 _a236
_219
_bGRA
100 1 _aGraham, Billy,
_d1918-
_9449
245 1 0 _aApproaching hoofbeats :
_bthe four horsemen of the Apocalypse /
_cBilly Graham.
260 _aWaco, Tex. :
_bWord Books,
_cc1983.
300 _a236, [3] p. ;
_c24 cm.
504 _aBibliography: p. [237]-[239]
630 0 0 _aFour Horsemen of the Apocalypse.
_93958
630 0 0 _aBible.
_pRevelation, VI, 1-8
_xCriticism, interpretation, etc.
_93959
650 0 _aEnd of the world
_xBiblical teaching.
_92003
906 _a7
_bcbc
_corignew
_d1
_eocip
_f19
_gy-gencatlg
942 _2ddc
_cBK
999 _c1901
_d1901